000 00388nam a2200145Ia 4500
008 150301s2013 xx 000 0 und d
082 _a611.313
_bO2013R
100 _aRAJKUMAR,K
245 _aT.B.OF ORAL ANATOMY ,HISTOLOGY ,PHYSIOLOGY & TOOTH MORPHOLOGY
250 _a1ST
260 _bWOLTERS KLUWER
_aDELHI
_c2013
300 _a1-616
650 _aDENTAL ANATOMY
942 _2ddc
_cBK
_015
999 _c6878
_d6878